000
00296nam a22001337a 4500
003
SGT
020
_a
978-1-8478-7540-2
082
_a
616.89
_b
E13B
100
_a
BARNES, JIM
245
_a
ESSENTIAL BIOLOGICAL PSYCHOLOGY
260
_a
LOS ANGELES
_b
SAGE
_c
2013
300
_a
390
942
_2
ddc
_c
BK
999
_c
18111
_d
18111